La filmographie d'Andrew Garfield - Statistiques

Statistiques générales
  • Ce quiz a été pris 27 fois
  • Le résultat moyen est 5 sur 18
Statistiques - réponses
Année Film % Correct
2012 The Amazing Spider-Man
85%
2016 Tu ne tueras point
85%
2014 The Amazing Spider-Man : Le Destin d’un Héros
73%
2021 Spider-Man : No Way Home
62%
2010 The Social Network
62%
2021 Tick, Tick... Boom!
38%
2024 L'Amour au présent
31%
2016 Silence
19%
2018 Under the Silver Lake
15%
2025 After the Hunt
12%
2017 Breathe
8%
2021 Dans les yeux de Tammy Faye
8%
2020 Mainstream
8%
2014 99 Homes
4%
2010 Auprès de moi toujours
4%
2007 Lions et Agneaux
4%
2007 Boy A
0%
2009 L'Imaginarium du docteur Parnassus
0%
Aucun quiz correspondant
Distribution des résultats
% des personnes avec chaque résultat
Percentile par nombre de réponses
Votre historique - résultats
Vous n’avez pas pris ce quiz